LEADER 01304cam2 22003253 450 001 SOBE00024882 005 20120426112451.0 100 $a20120426d1986 |||||ita|0103 ba 101 $aita 102 $aIT 200 0 $a6: (libri 21-24)$fOmero$gintroduzione, testo e commento a cura di Manuel Fernąndez-Galiano e Alfred Heubeck 210 $aMilano$cFond.ne L. Valla$cMondadori$d1986 215 $aXXXIII, 430 p.$d20 cm 225 2 $aScrittori greci e latini 300 $aCon testo orig. a fronte 410 1$1001LAEC00023055$12001 $a*Scrittori greci e latini 461 1$1001SOBE00024867$12001 $aOdissea / Omero ; introduzione generale di Alfred Heubeck e Stephanie West ; traduzione di G. Aurelio Privitera 700 0$aHomerus$3AF00007042$4070$0155559 702 1$aPrivitera, G. Aurelio$3SOBA00003710$4070 702 1$aFernąndez-Galiano, Manuel$3SOBA00003762$4070 702 1$aHeubeck, Alfred$3SOBA00003755$4070 801 0$aIT$bUNISOB$c20120426$gRICA 850 $aUNISOB 852 $aUNISOB$j870|Coll|10|K$m47207 912 $aSOBE00024882 940 $aM 102 Monografia moderna SBN 941 $aM 957 $a870|Coll|10|K$b000014$i-6$gSI$d47207$racquisto$tN$1cutolo$2UNISOB$3UNISOB$420120426112108.0$520120426112151.0$6cutolo 996 $aOdysseia$916508 997 $aUNISOB LEADER 01106nam0 22002891i 450 001 UON00168001 005 20231205103040.516 010 $a41-672-4906-5 100 $a20030320d1991 |0itac50 ba 101 $ajpn 102 $aJP 105 $a||||p ||||| 200 1 $aHaisen nikki$fTakami Jun 210 $aTokyo$cBungei Shunshu$d1991 215 $a376 p.$d17 cm 410 1$1001UON00159558$12001 $aBunshun Bunko$v11,6 606 $aLetteratura giapponese$xNarrativa$xSec. 20.$3UONC000232$2FI 620 $aJP$dTo?kyo?$3UONL000031 686 $aGIA VI BA$cGiappone - Letteratura moderna e contemporanea - Testi$2A 700 1$aTAKAMI$bJun$3UONV026167$0635653 712 $aBungei shunjū$3UONV246096$4650 801 $aIT$bSOL$c20260220$gRICA 899 $aSIBA - SISTEMA BIBLIOTECARIO DI ATENEO E ARCHIVIO STORICO$2UONSI 912 $aUON00168001 950 $aSIBA - SISTEMA BIBLIOTECARIO DI ATENEO E ARCHIVIO STORICO$dSI GIA VI BA 1030 N $eSI SA 107760 7 1030 N 996 $aHaisen nikki$91282447 997 $aUNIOR